000 00740nam a2200253Ia 4500
003 OSt
005 20221006143842.0
006 a|||||r|||| 00| 0
007 ta
008 221006b |||||||| |||| 00| 0 eng d
020 _c243.46
024 _a10,185
037 _cTextual
040 _aEASL
_cEASL
_beng
041 _2eng
_aeng
082 _aW, M0
100 _aMANNING D J Ed.
_9650555
245 0 _aForm of ideology
_b Investigations into the sense of ideological reasoning with a view to giving an account of its place in political life
260 _aLondon
_bGeorge Allen and Unwin
_c1980
300 _a136p.
_ccm.
490 _v Oth
942 _hW, M0
_cTEXL
_2CC
999 _c1078271
_d1078271